Handbook of disaster management: (Record no. 15359)

MARC details
000 -LEADER
fixed length control field 00991nam a22002537a 4500
005 - DATE AND TIME OF LATEST TRANSACTION
control field 20080905095434.0
008 - FIXED-LENGTH DATA ELEMENTS--GENERAL INFORMATION
fixed length control field 080905t xxu||||| |||| 00| 0 eng d
010 ## - LIBRARY OF CONGRESS CONTROL NUMBER
LC control number ENG-90941
020 ## - INTERNATIONAL STANDARD BOOK NUMBER
International Standard Book Number 9788178803555
Terms of availability 750.00
035 ## - SYSTEM CONTROL NUMBER
System control number EN-74474
037 ## - SOURCE OF ACQUISITION
Source of stock number/acquisition DBAD / PUB
040 ## - CATALOGING SOURCE
Original cataloging agency DPl
Language of cataloging English
082 ## - DEWEY DECIMAL CLASSIFICATION NUMBER
Classification number 363.34
100 ## - MAIN ENTRY--PERSONAL NAME
Personal name Singh, B.K.
245 ## - TITLE STATEMENT
Title Handbook of disaster management:
Statement of responsibility, etc by B.K. Singh
Remainder of title techniques and guidelines /
260 ## - PUBLICATION, DISTRIBUTION, ETC. (IMPRINT)
Place of publication, distribution, etc New Delhi
Name of publisher, distributor, etc Rajat Publications
Date of publication, distribution, etc 2008
270 ## - ADDRESS
Address 4675/21,Ansari Road, Darya Ganj,
City New Delhi
Postal code 110002
Telephone number 23267924,22507277
300 ## - PHYSICAL DESCRIPTION
Extent vi, 312p.
Dimensions 23 cm (Hb)
500 ## - GENERAL NOTE
General note Includes bibliographical references and index
650 ## - SUBJECT ADDED ENTRY--TOPICAL TERM
Topical term or geographic name as entry element Emergency management
650 ## - SUBJECT ADDED ENTRY--TOPICAL TERM
Topical term or geographic name as entry element Disaster relief
General subdivision Management
-- Handbook, manual,etc.
942 ## - ADDED ENTRY ELEMENTS (KOHA)
Source of classification or shelving scheme Dewey Decimal Classification
Koha item type English Books
Call number suffix SIN
Classification part 363.34
Holdings
Withdrawn status Lost status Damaged status Not for loan Collection code Home library Current library Date acquired Cost, normal purchase price Total Checkouts Full call number Barcode Date last seen Copy number Cost, replacement price Price effective from Koha item type
      Not For Loan Non-fiction D.B.Act.Division D.B.Act.Division 05/09/2008 750.00   363.34 SIN EN-74474 15/09/2008 1 750.00 15/09/2008 English Books

© Delhi Public Library
Hit Counter
free hit counter